| 000 | 00642nam a2200217Ia 4500 | ||
|---|---|---|---|
| 005 | 20250425162151.0 | ||
| 008 | 250425s9999 xx 000 0 und d | ||
| 041 | _aspa | ||
| 043 | _aec | ||
| 082 |
_a070.41 _pGAL |
||
| 100 | _aGalarza Z., Leonardo | ||
| 245 | 0 |
_aLecturas para no dormir : selección de artículos de opinión, con notas descomedidas _cLeonardo Galarza Z. |
|
| 250 | _aPrimera edición | ||
| 260 |
_aQuito _bSolitierra _c1997 |
||
| 300 |
_a264 páginas _bilustraciones _c21 cm. |
||
| 500 | _aIncluye índice | ||
| 650 | _aArtículos de opinión | ||
| 902 |
_aMonográfico _cImpreso |
||
| 942 | _c01 | ||
| 010 | _a54135 | ||
| 999 |
_c223692 _d223692 |
||